Stručný úvod do politiky

Na minha lista:
Detalhes bibliográficos
Autor principal: Minogue, Kenneth
Outros Autores: Lukáš, Ivo
Formato: Livro
Idioma:tcheco
Publicado em: Brno Barrister & Principal 2017
Edição:2. přehlédnuté vydání
Assuntos:
Tags: Adicionar Tag
Sem tags, seja o primeiro a adicionar uma tag!

MARC

LEADER 00000nam a2200000 4500
001 0268639
005 20240221113222.4
020 |a 978-80-7364-061-3 
041 0 |a cze 
044 |a CZ 
245 1 0 |a Stručný úvod do politiky  |c Kenneth Minogue ; přeložil: Ivo Lukáš 
250 |a 2. přehlédnuté vydání 
264 1 |a Brno  |b Barrister & Principal  |c 2017 
300 |a 124 s. 
610 2 0 |a politika 
610 2 0 |a teória a prax 
610 2 0 |a vývoj 
610 2 0 |a história 
610 2 0 |a občania 
610 2 0 |a kresťanstvo 
610 2 0 |a štát 
610 2 0 |a spolupráca medzinárodná 
610 2 0 |a moc politická 
610 2 0 |a spravodlivosť 
610 2 0 |a sloboda 
610 2 0 |a demokracia 
610 2 0 |a vzdelávanie 
100 1 |a Minogue, Kenneth 
700 1 |a Lukáš, Ivo